Jimmy Neutron Franchise - Statistics

General Stats
  • This quiz has been taken 28 times
  • The average score is 6 of 13
Answer Stats
Type Year Name Info % Correct
Film 2001 Jimmy Neutron: Boy Genius Paramount
95%
Video Game 2001 Jimmy Neutron: Boy Genius THQ / Nickelodeon Movies / Nick Games
95%
TV Show 2010-2013 Planet Sheen Nickelodeon / Nicktoons
79%
TV Show 2002-2006 The Adventures of Jimmy Neutron: Boy Genius Nickelodeon
68%
TV Film 2004 The Jimmy Timmy Power Hour Nickelodeon
63%
TV Film 2005 The Jimmy Timmy Power Hour 2: When Nerds Collide Nickelodeon
47%
TV Film 2006 The Jimmy Timmy Power Hour 3: The Jerkinators Nickelodeon
47%
Video Game 2004 The Adventures of Jimmy Neutron: Boy Genius: Attack of the Twonkies THQ / Nick Games
42%
Video Game 2003 The Adventures of Jimmy Neutron: Boy Genius: Jet Fusion THQ / Nick Games
26%
Theme Park Attraction 2003-2011 Jimmy Neutron's Nicktoon Blast Universal Studios Florida
16%
Video Game 2002 Jimmy Neutron vs. Jimmy Negatron THQ / Nick Games
11%
TV Special 2003 The Egg-pire Strikes Back Nickelodeon
11%
Theme Park Attraction 2007-Present Jimmy Neutron's Atomic Flyer Movie Park Germany
5%
No matching quizzes found
Score Distribution
Percent of People with Each Score
Percentile by Number Answered
Your Score History
You have not taken this quiz